Normal view
MARC view
- Pryce, Will.
Entry Personal Name
001 - CONTROL NUMBER
- control field: 27276
003 - CONTROL NUMBER IDENTIFIER
- control field: NUST
005 - DATE AND TIME OF LATEST TRANSACTION
- control field: 20200101103911.0
008 - FIXED-LENGTH DATA ELEMENTS
- fixed length control field: 200101|| aca||aabn | a|a d
040 ## - CATALOGING SOURCE
- Original cataloging agency: NUST
- Transcribing agency: NUST
100 ## - HEADING--PERSONAL NAME
- Personal name: Pryce, Will.
670 ## - SOURCE DATA FOUND
- Source citation: Work cat.: (NUST): Campbell, James W. P. 27272, Brick :, 2003.
